Neviditelný kalendář : básnická sbírka /

Hlavní autor: Prouza, Petr, 1944-
Jazyk: Čeština
Vydáno: Praha : Československý spisovatel, 1986
Vydání: 1. vyd.
Externí odkaz: Digitalizovaný dokument
Fyzický popis: 62 s. ; 17 cm
Knihy
Uloženo v:
LEADER 00977nam a22002772a 4500
001 000863438
003 CZ BrMZK
005 20070828072454.0
007 ta
008 070827s1986 xr a er|||||||||||cze d
015 |a cnb000015122 
020 |q (Váz.) :  |c Kčs 10,00 
035 |a (OCoLC)85580566 
040 |a ABA001  |b cze  |d ABA001 
080 9 |a 885.0-1 
100 1 |a Prouza, Petr,  |d 1944-  |7 jk01101391  |4 aut 
245 1 0 |a Neviditelný kalendář :  |b básnická sbírka /  |c Petr Prouza ; il. Jiří Bušek ; typografie Richard Maršák 
250 |a 1. vyd. 
260 |a Praha :  |b Československý spisovatel,  |c 1986 
300 |a 62 s. ;  |c 17 cm 
500 |a Frontispis Jiří Bušek 
856 4 1 |u http://www.digitalniknihovna.cz/mzk/uuid/uuid:e046f450-fc70-11e3-9789-005056827e52  |y Digitalizovaný dokument  |x NDK 
910 |a BOA001  |b 1-0907.964 
990 |a BK 
991 |b 200708 
996 6 |b 2619332332  |c 1-0907.964  |l MZK  |r Sklad / do 1 hodiny  |n 1  |w 000863438  |u 000010  |a 1  |e BOA001  |j MZK50  |s P